Július Nemčík

Bibliographic Details
Format: Article
Language:Slovak
Subjects:

MARC

LEADER 00000nab a2200000 a 4500
001 vtls000196659
003 SK-MaSNL
005 20260304213543.0
008 250422c1984 xo 0 slo
015 |a SNBRB19rr/mm-uuuuu 
035 |a CL0206772 
035 |a urn:nbn:sk:snk-ab592 
035 |a (urnnbn)urn:nbn:sk:snk:ar-0053e2 
035 |a (uuid)49d589e0-b964-4a5c-9dbc-dd817965b07f 
040 |a SNKBUCL  |b slo  |c SNKBUCL  |e AACR2 
041 0 |a slo 
044 |a xo  |c SK 
080 |a 75.071.1  |2 1981 
080 |a 929 Nemčík, Július  |2 1981 
245 0 0 |a Július Nemčík 
600 1 7 |a Nemčík, Július,  |d 1909-1986  |2 snkbucl  |9 132897 
655 7 |a články z novín a časopisov  |2 snkbucl  |9 267496 
773 0 |t Výtvarný život  |g Roč. 29, č. 8-9 (1984), s. 90 
850 |a Slovenská národná knižnica 
852 |a Slovenská národná knižnica 
954 |a odborná, vedecká literatúra pôvodná (slovenská)  |2 lita 
958 |a article27 
958 |a BX 
958 |a RK 
958 |a OND 
958 |a EUIPO 
992 |a RBX 
999 |c 3136413  |d 3138343